000 01426pam a2200349 a 4500
999 _c526963
_d526963
001 3488919
003 NUST
005 20190718061317.0
008 941011s1995 caua b 001 0 eng
010 _a 94041256
020 _a012417910X (case)
038 _aAshad
040 _aDLC
_cDLC
_dDLC
050 0 0 _aT57.74
_b.K64 1995
082 0 0 _a519.72
_bKOL
100 1 _aKolman, Bernard,
_d1932-
_917978
245 1 0 _aElementary linear programming with applications /
_cBernard Kolman, Robert E. Beck.
250 _a2nd ed.
260 _aSan Diego :
_bAcademic Press,
_c1995.
300 _axxii, 449 p. :
_bill. ;
_c24 cm. +
_e1 computer disk (3 1/2 in.)
490 1 _aComputer science and scientific computing series
504 _aIncludes bibliographical references and index.
538 _aSystem requirements for accompanying disk: IBM compatible PC; DOS.
650 0 _aLinear programming.
_910838
700 1 _aBeck, Robert Edward,
_d1941-
_917979
830 0 _aComputer science and scientific computing.
_917980
856 4 2 _3Publisher description
_uhttp://www.loc.gov/catdir/description/els032/94041256.html
856 4 1 _3Table of contents
_uhttp://www.loc.gov/catdir/toc/els032/94041256.html
906 _a7
_bcbc
_corignew
_d1
_eocip
_f19
_gy-gencatlg
942 _2ddc
_cBK